000 00329nam a22001457a 4500
008 230516b ||||| |||| 00| 0 eng d
020 _a9780028018140
041 _aeng
080 _2SEVENTH EDITION
_a62
082 _a62KRO
100 _a21
101 _aMEKATR
245 _aAIRCRAFT BASIC SCIENCE
_cKROES
942 _2udc
_cBK
999 _c59737
_d59737